Normal view MARC view

Entry Corporate Name

Number of records used in: 1

001 - CONTROL NUMBER

  • control field: 41730

003 - CONTROL NUMBER IDENTIFIER

  • control field: dpl

005 - DATE AND TIME OF LATEST TRANSACTION

  • control field: 20120213122145.0

008 - FIXED-LENGTH DATA ELEMENTS

  • fixed length control field: 120213|||a|||||| | ||| d

040 ## - CATALOGING SOURCE

  • Original cataloging agency: dpl
  • Transcribing agency: dpl

110 ## - HEADING--CORPORATE NAME

  • Corporate name or jurisdiction name as entry element: International Labour Organisation

670 ## - SOURCE DATA FOUND

  • Source citation: Work cat.: (dpl): Mills for sale :, 2006

670 ## - SOURCE DATA FOUND

  • Source citation: Work cat.: (dpl): Mills for sale :, 2006

© Delhi Public Library
Hit Counter
free hit counter